• 首页
  • 本馆介绍
  • 公告通知
  • 最新文献
  • 馆藏检索
  • 电子资源
  • 读者导购
  • 参考咨询
  • 我的图书馆
  • 登录
  • 详细信息显示
  • 放入我的书架
  • 预约/预借图书
  • 作者相关作品
  • 分类相关作品
  • 丛书相关作品
  • 出版社相关作品

书目信息

  • 表格格式
  • 工作单格式
  • 卡片格式
题名:
数字电子技术基础
    
 
作者: 周良权 编
分册:  
出版信息: 北京   高等教育出版社  2004
页数: 288页
开本: 26cm
丛书名:
单 册:
中图分类: TP79-43
科图分类:
主题词: 遥感技术--应用
电子资源:
ISBN: 7-04-011661-8
000 00649nam0 2200217 450
001 0634316760
005 20061009093444.82
010    @a7-04-011661-8@dCNY22.00
100    @a20061009d2004 km y0chiy0120 ea
101 0  @achi
102    @aCN@b110000
200 1  @a数字电子技术基础@Ashu zi dian zi ji shu ji chu@f周良权 等编@Fzhou liang quan deng bian
205    @a2版
210    @a北京@c高等教育出版社@d2004
215    @a288页@d26cm
300    @a普通高等教育"十五"国家级规划教材(高职高专教育)
606 0  @a遥感技术@x应用
690    @aTP79-43@v3
701  0 @a周良权@Azhou liang quan@4编
801  0 @aCN@bPFT@c20061009
905    @a10447@dTP79-43@e22=2
    
    数字电子技术基础/周良权 等编.-2版.-北京:高等教育出版社,2004
    288页;26cm
    普通高等教育"十五"国家级规划教材(高职高专教育)
    
    ISBN 7-04-011661-8:CNY22.00
    
●
相关链接 在E读中查询图书 在五车中查询图书 在当当中查询图书 在豆瓣中查询图书


正题名:数字电子技术基础     索取号:TP79-43/22=2         预约/预借

序号 登录号 条形码 馆藏地/架位号 状态 备注
1 0494277   204942777   密集书库/ [索取号:TP79-43/22=2] 在馆    
唐山师范学院图书馆 欢迎您!
大连网信软件有限公司© 版权所有